000 00459nam a2200181 a 4500
001 4876
003 CO-ViMGA
008 141112s2004 ck r 000 u spa d
040 _aCO-ViMGA
_bspa
_cCO-ViMGA
082 0 4 _aR502.8 M427
245 1 0 _aMicroscopia
260 _aBarcelona :
_bIdea Books,
_c1996
300 _a89 p : il
490 _aAtlas temático
590 _aDatos de inventario : 05264
650 1 4 _aMICROSCOPIA - ATLAS
_93059
942 _2ddc
_cBK
999 _c16882
_d16882